000 00293nam a2200109Ia 4500
008 190914s9999||||xx |||||||||||||| ||und||
100 _aZill,Dennis G.
245 2 _aA First Course in Dfferential Equations With Applications
260 _aNew Delhi
_bPrentice
_c2002
300 _a340
942 _cBK
999 _c8813
_d8813